Geography Quiz

Random Geography or State Quiz

Census 2010: States Quiz Stats

 Plays Quiz Updated Nov 5, 2018

Challenge
Share
Tweet
Embed
Score 0/50 Timer 10:00
6 Plays Today
2010 Population State % Correct
37,253,956California
99.6%
25,145,561Texas
96.9%
19,378,102New York
95.9%
18,801,310Florida
88.1%
12,830,632Illinois
73.2%
12,702,379Pennsylvania
66.6%
11,536,504Ohio
62.2%
9,883,640Michigan
56.6%
9,687,653Georgia
51.2%
563,626Wyoming
47.9%
9,535,483 North Carolina
45.4%
8,791,894New Jersey
42%
8,001,024Virginia
40.4%
710,231Alaska
39.3%
6,392,017Arizona
36.8%
672,591North Dakota
35.8%
6,724,540Washington
35.7%
6,547,629Massachusetts
34.9%
625,741Vermont
34.8%
814,180South Dakota
32.3%
6,483,802Indiana
32%
989,415Montana
31.4%
1,052,567Rhode Island
30%
6,346,105Tennessee
28.4%
5,988,927Missouri
27.4%
2010 Population State % Correct
1,360,301Hawaii
27.2%
897,934Delaware
26.9%
5,029,196Colorado
26.1%
1,328,361Maine
26%
5,773,552Maryland
25.6%
1,316,470New Hampshire
25.4%
1,567,582Idaho
25.3%
5,303,925Minnesota
24.8%
5,686,986Wisconsin
24.3%
2,700,551Nevada
23.9%
3,831,074Oregon
23.2%
4,779,736Alabama
22.8%
4,625,364South Carolina
22.3%
2,763,885Utah
22.1%
4,533,372Louisiana
22.1%
3,046,355Iowa
21.7%
4,339,367Kentucky
20.8%
2,059,179New Mexico
20.2%
3,574,097Connecticut
20.1%
2,853,118Kansas
19.9%
3,751,351Oklahoma
19.3%
1,826,341Nebraska
19.2%
2,967,297Mississippi
18.3%
2,915,918Arkansas
18%
1,852,994West Virginia
17.8%

You're not logged in!

Compare scores with friends on all Sporcle quizzes.
OR
Log In

You Might Also Like...

Show Comments

Extras

Top Quizzes Today


Score Distribution

Your Account Isn't Verified!

In order to create a playlist on Sporcle, you need to verify the email address you used during registration. Go to your Sporcle Settings to finish the process.

Report this User

Report this user for behavior that violates our Community Guidelines.

Details: